Zmeny v ekonomickom prostredí na Slovensku vyvolané COVID-19

Zmeny ovplyvňujúce podnikateľské prostredie v SR v roku 2020 v súvislosti s pandemickým ochorením COVID‑19 spôsobeným novým koronavírusom. Vplyv opatrení a legislatívnych zmien na vykonávanie podnikateľskej činnosti a pracovno-právnu oblasť. Zmeny ovplyvnené európskou legislatívou a prijaté súčasnou...

Descrizione completa

Salvato in:
Dettagli Bibliografici
Autore principale: Meluchová, Jitka, 1965-
Altri autori: Mateášová, Martina, 1979-
Natura: Capitolo di libro
Lingua:slovacco
Soggetti:
Tags: Aggiungi Tag
Nessun Tag, puoi essere il primo ad aggiungerne!!

MARC

LEADER 00000naa$a2200000$$$4500
001 0270913
005 20240502074243.0
041 0 |a slo 
044 |a SK 
245 1 0 |a Zmeny v ekonomickom prostredí na Slovensku vyvolané COVID-19  |c Jitka Meluchová, Martina Mateášová 
520 |a Zmeny ovplyvňujúce podnikateľské prostredie v SR v roku 2020 v súvislosti s pandemickým ochorením COVID‑19 spôsobeným novým koronavírusom. Vplyv opatrení a legislatívnych zmien na vykonávanie podnikateľskej činnosti a pracovno-právnu oblasť. Zmeny ovplyvnené európskou legislatívou a prijaté súčasnou vládou SR v oblastiach ako účtovníctvo, dane, ochrana osobných údajov, pracovné právo, sociálne zabezpečenie a zdravotné poistenie. 
610 2 0 |a pandémia 
610 2 0 |a koronavírus 
610 2 0 |a opatrenia 
610 2 0 |a prostredie podnikateľské 
610 2 0 |a podpora podnikania 
610 2 0 |a Slovensko 
610 2 0 |a Európska únia 
100 1 |a Meluchová, Jitka, 1965- 
700 1 |a Mateášová, Martina, 1979-